Collected essays / (Record no. 62845)
[ view plain ]
| 000 -LEADER | |
|---|---|
| fixed length control field | 00690nam a2200241 a 4500 |
| 001 - CONTROL NUMBER | |
| control field | 62845 |
| 003 - CONTROL NUMBER IDENTIFIER | |
| rucl marc code | BD-RjUL |
| 005 - DATE AND TIME OF LATEST TRANSACTION | |
| control field | 20211209081129.0 |
| 008 - FIXED-LENGTH DATA ELEMENTS--GENERAL INFORMATION | |
| fixed length control field | 170126s1966 enk 000 0 eng |
| 035 ## - SYSTEM CONTROL NUMBER | |
| System control number | (BD-RjUL)62973 |
| 040 ## - CATALOGING SOURCE | |
| Original cataloging agency | DLC |
| Language of cataloging | eng |
| Description conventions | rda |
| Transcribing agency | DLC |
| Modifying agency | BD-RjUL |
| 041 ## - LANGUAGE CODE | |
| Language code of text/sound track or separate title | eng |
| 082 ## - DEWEY DECIMAL CLASSIFICATION NUMBER | |
| Edition number | 23 |
| Classification number | 824 |
| Author mark and year | WOC 1966 |
| 100 ## - MAIN ENTRY--PERSONAL NAME | |
| Personal name | Woolf Virginia |
| 9 (RLIN) | 186829 |
| 245 10 - TITLE STATEMENT | |
| Title | Collected essays / |
| Statement of responsibility, etc. | Virginia Woolf |
| 260 ## - PUBLICATION, DISTRIBUTION, ETC. (IMPRINT) | |
| Place of publication, distribution, etc. | London : |
| Name of publisher, distributor, etc. | Hogarth P., |
| Date of publication, distribution, etc. | c1925-1966 |
| 300 ## - PHYSICAL DESCRIPTION | |
| Pagination | 304 p. ; |
| Size | 24 cm. |
| 490 ## - SERIES STATEMENT | |
| Series statement | Chatto & Windus paperback. no. 4, 13, 36, 37 |
| 505 0# - FORMATTED CONTENTS NOTE | |
| Formatted contents note | Vol. 2 -- |
| 650 ## - SUBJECT ADDED ENTRY--TOPICAL TERM | |
| Topical term or geographic name as entry element | English essays. |
| 9 (RLIN) | 186830 |
| 856 ## - ELECTRONIC LOCATION AND ACCESS | |
| Materials specified | Chatto & Windus paperback. no. 4, 13, 36, 37 |
| 942 ## - ADDED ENTRY ELEMENTS (KOHA) | |
| Source of classification or shelving scheme | Dewey Decimal Classification |
| Koha item type | Books |
| Lost status | Source of classification or shelving scheme | Damaged status | Not for loan | Collection code | Permanent Location | Current Location | Shelving location | Date acquired | Source of acquisition | Cost, normal purchase price | Total Checkouts | Full call number | Date last seen | Copy number | Koha item type |
|---|---|---|---|---|---|---|---|---|---|---|---|---|---|---|---|
| Dewey Decimal Classification | Not For Loan | Non-fiction | Central Library, University of Rajshahi | Central Library, University of Rajshahi | Reading Room | 11/01/1971 | Zeitlinger | 30.00 | 824 WOC V-2 1966 | 26/01/2017 | C-1 | Books |